[Event "Open Portugal 2019"]
[Site "Lisboa POR"]
[Date "2019.02.09"]
[Round "9.109"]
[White "Fonseca, René Gil"]
[Black "Archambault, Serge"]
[Result "0-1"]
[WhiteElo "1343"]
[BlackElo "1959"]
[WhiteFideId "1957767"]
[BlackFideId "2604108"]
[WhiteCountry "POR"]
[BlackCountry "CAN"]
[PlyCount "52"]
[EventDate "2019.02.02"]

1. e4 c5 2. Nf3 Nc6 3. d4 cxd4 4. Nxd4 e5 5. Nb5 d6 6. N1c3 a6 7. Na3 Nf6 8. Bg5
Be7 9. Bxf6 gxf6 10. Qh5 b5 11. Nab1 Be6 12. Qd1 Qa5 13. Nd2 O-O 14. Nb3 Qb6 15.
Nd5 Qa7 16. Be2 Rac8 17. O-O Kh8 18. Bg4 Rg8 19. Bxe6 fxe6 20. Nxe7 Qxe7 21. c3
f5 22. Nd2 Qg5 23. g3 Rg6 24. Nf3 Qe7 25. Qe2 fxe4 26. Nh4 Qxh4 0-1

[Event "Open Portugal 2019"]
[Site "Lisboa POR"]
[Date "2019.02.09"]
[Round "9.110"]
[White "García Ortega, Manuel"]
[Black "Florissi, Aldo"]
[Result "1-0"]
[WhiteElo "1785"]
[BlackElo "1468"]
[WhiteFideId "2227533"]
[BlackFideId "28513428"]
[WhiteCountry "ESP"]
[BlackCountry "ITA"]
[PlyCount "64"]
[EventDate "2019.02.02"]

1. e4 d5 2. exd5 Qxd5 3. Nc3 Qa5 4. Bc4 Nf6 5. Nf3 Bg4 6. O-O Nbd7 7. d4 c6 8.
Bf4 e6 9. a3 Be7 10. h3 Bh5 11. b4 Qd8 12. Re1 Nb6 13. Bb3 Bd6 14. Bg3 Qc7 15.
Bxd6 Qxd6 16. g4 Nxg4 17. hxg4 Bxg4 18. Ne4 Qf4 19. Re3 Nd5 20. Bxd5 cxd5 21.
Ng3 O-O 22. Qd3 Rac8 23. Ne5 Bf5 24. Nxf5 exf5 25. Kg2 Rfe8 26. Rg1 f6 27. Nf3
Qg4+ 28. Kf1 Qh3+ 29. Rg2 Qh1+ 30. Ng1 Rxe3 31. Qxe3 Kh8 32. Qe6 Rd8 1-0

[Event "Open Portugal 2019"]
[Site "Lisboa POR"]
[Date "2019.02.09"]
[Round "9.112"]
[White "Haisma, Henk"]
[Black "Alonso Rodríguez, Tristán"]
[Result "1-0"]
[WhiteElo "1727"]
[BlackElo "1370"]
[WhiteFideId "1038486"]
[BlackFideId "24594520"]
[WhiteCountry "NED"]
[BlackCountry "ESP"]
[PlyCount "97"]
[EventDate "2019.02.02"]

1. b4 e5 2. Bb2 d6 3. e3 Be6 4. Nf3 Nf6 5. Be2 Nbd7 6. d3 a5 7. b5 Nb6 8. c4 Be7
9. O-O O-O 10. a4 c5 11. Nbd2 Qc7 12. e4 Nfd7 13. Qc2 f5 14. Nb3 f4 15. g3 Bh3
16. Rfe1 g5 17. Qd2 Kh8 18. Bf1 Bxf1 19. Rxf1 Rg8 20. Nxa5 Nf8 21. Nb3 Rxa4 22.
Bc3 Ne6 23. Ba5 Rxa1 24. Rxa1 Nxc4 25. dxc4 b6 26. Bc3 g4 27. Ne1 f3 28. Qd5 Rg6
29. Nd3 Bd8 30. Nxe5 Nd4 31. Nxg6+ hxg6 32. Nxd4 cxd4 33. Qxd4+ Kg8 34. Qh8+ Kf7
35. Qg7+ Ke6 36. Qxg6+ Kd7 37. Qxg4+ Ke8 38. Qg6+ Kd7 39. Qf7+ Be7 40. Bf6 Qd8
41. Ra7+ Kc8 42. Ra8+ Kc7 43. Rxd8 Kxd8 44. Qxe7+ Kc8 45. h4 Kb8 46. h5 Kc8 47.
h6 Kb8 48. h7 Kc8 49. h8=Q# 1-0

[Event "Open Portugal 2019"]
[Site "Lisboa POR"]
[Date "2019.02.09"]
[Round "9.113"]
[White "Paletta, Giuseppe"]
[Black "Dong, Rafael"]
[Result "1/2-1/2"]
[WhiteElo "1620"]
[BlackElo "1363"]
[WhiteFideId "804185"]
[BlackFideId "1958038"]
[WhiteCountry "ITA"]
[BlackCountry "POR"]
[PlyCount "124"]
[EventDate "2019.02.02"]

1. d4 Nf6 2. c4 g6 3. Nc3 d5 4. cxd5 Nxd5 5. e4 Nxc3 6. bxc3 Bg7 7. Bc4 c5 8.
Be3 Qa5 9. Ne2 O-O 10. Qd2 Rd8 11. Rd1 Nc6 12. O-O e6 13. Qb2 b6 14. Qb5 Qxb5
15. Bxb5 Bb7 16. f3 cxd4 17. cxd4 Rac8 18. Rc1 Nxd4 19. Rxc8 Nxe2+ 20. Bxe2 Rxc8
21. Rc1 Rxc1+ 22. Bxc1 Bd4+ 23. Kf1 e5 24. Bc4 Kf8 25. Ke2 Ke7 26. Ba3+ Bc5 27.
Bxc5+ bxc5 28. Ke3 Bc8 29. a3 Be6 30. Ba6 Kd6 31. Kd3 Kc6 32. Kc3 Kd6 33. Be2
Kc6 34. Ba6 f5 35. exf5 gxf5 36. Bd3 Kd6 37. Bc2 h6 38. Bd3 c4 39. Bxc4 Bxc4 40.
Kxc4 Kc6 41. g4 fxg4 42. fxg4 Kd6 43. h4 Ke6 44. Kd3 Kd5 45. Ke3 e4 46. a4 a5
47. g5 hxg5 48. hxg5 Ke5 49. g6 Kf6 50. Kxe4 Kxg6 51. Kd5 Kf6 52. Kc5 Ke6 53.
Kb5 Kd7 54. Kxa5 Kc7 55. Kb4 Kb6 56. a5+ Ka6 57. Ka4 Ka7 58. Kb5 Kb7 59. a6+ Kb8
60. Ka5 Ka7 61. Kb5 Kb8 62. Kb6 Ka8 1/2-1/2

[Event "Open Portugal 2019"]
[Site "Lisboa POR"]
[Date "2019.02.09"]
[Round "9.116"]
[White "Correia, Pedro Mourão"]
[Black "Barros, Arlindo"]
[Result "1-0"]
[WhiteElo "1480"]
[BlackElo "1603"]
[WhiteFideId "1959522"]
[BlackFideId "23600640"]
[WhiteCountry "POR"]
[BlackCountry "CPV"]
[PlyCount "97"]
[EventDate "2019.02.02"]

1. e4 e5 2. Nf3 Nc6 3. Bc4 Bc5 4. c3 Nf6 5. d4 exd4 6. cxd4 Bb4+ 7. Bd2 Bxd2+ 8.
Nbxd2 d6 9. O-O O-O 10. a3 Bg4 11. Qc2 Re8 12. Rfe1 h6 13. Rac1 d5 14. exd5
Rxe1+ 15. Rxe1 Nxd5 16. h3 Bxf3 17. Nxf3 Nb6 18. Ba2 Qd7 19. d5 Nxd5 20. Rd1
Nce7 21. Qb3 c6 22. Qd3 Rd8 23. b4 a6 24. Nd4 Nf4 25. Bxf7+ Kxf7 26. Qf3 Ned5
27. Ne2 Qf5 28. Kh2 Kg8 29. Nxf4 Qf6 30. Nxd5 Rxd5 31. Qb3 Qd6+ 32. g3 Kh8 33.
Re1 Qd7 34. Qe3 Rd3 35. Qf4 Rd6 36. Qf8+ Kh7 37. Re7 Qxe7 38. Qxe7 Rf6 39. Kg2
b6 40. Qa7 c5 41. bxc5 bxc5 42. Qxc5 Kg8 43. h4 Kh7 44. f4 Kg6 45. Kf3 h5 46.
Qg5+ Kh7 47. Qxh5+ Kg8 48. Qd5+ Kh7 49. g4 1-0

[Event "Open Portugal 2019"]
[Site "Lisboa POR"]
[Date "2019.02.09"]
[Round "9.117"]
[White "Santos, Ana P"]
[Black "Aizpurua Zufiria, Iñaki"]
[Result "1-0"]
[WhiteElo "1563"]
[BlackElo "1434"]
[WhiteFideId "1921550"]
[BlackFideId "2269791"]
[WhiteCountry "POR"]
[BlackCountry "ESP"]
[PlyCount "89"]
[EventDate "2019.02.02"]

1. e4 c5 2. Nf3 e6 3. d4 cxd4 4. Nxd4 Nf6 5. Nc3 Bb4 6. f3 d5 7. e5 Bxc3+ 8.
bxc3 Nfd7 9. f4 Nc5 10. Ba3 Nbd7 11. Qg4 O-O 12. Bb5 Qe7 13. O-O Qd8 14. Bxd7
Qa5 15. Bb4 Qb6 16. Bxc8 Rfxc8 17. Rab1 a5 18. Bxc5 Qxc5 19. Rxb7 Qxc3 20. Nxe6
g6 21. Ng5 Qc5+ 22. Kh1 Qc4 23. Rg1 Rc7 24. Rxc7 Qxc7 25. Qh3 h5 26. e6 f6 27.
Nf3 Qxf4 28. e7 f5 29. Qg3 Qxg3 30. hxg3 Re8 31. Re1 Kf7 32. Ne5+ Kf6 33. Nc6 a4
34. a3 g5 35. Kg1 g4 36. Kf2 Kf7 37. Re5 Kf6 38. Rxd5 Ke6 39. Rd8 Kf7 40. Rd4
Ke6 41. Rxa4 Kd7 42. Rc4 Kd6 43. a4 Kd5 44. Rc3 Rc8 45. Nb4+ 1-0

[Event "Open Portugal 2019"]
[Site "Lisboa POR"]
[Date "2019.02.09"]
[Round "9.118"]
[White "Amaral, Fernando"]
[Black "Paragliola, Gennaro"]
[Result "0-1"]
[WhiteElo "1528"]
[BlackElo "1350"]
[WhiteFideId "1931288"]
[BlackFideId "804207"]
[WhiteCountry "POR"]
[BlackCountry "ITA"]
[PlyCount "46"]
[EventDate "2019.02.02"]

1. d4 Nf6 2. Bf4 d5 3. e3 g6 4. c3 Bg7 5. h4 Nbd7 6. Bd3 c5 7. Nd2 c4 8. Bc2 b5
9. h5 Nxh5 10. Rxh5 gxh5 11. Qxh5 Nf6 12. Qh2 Ng4 13. Qg3 Qb6 14. Ngf3 h6 15.
O-O-O h5 16. Nh4 Bf6 17. Ndf3 Bxh4 18. Nxh4 Bd7 19. Nf5 Bxf5 20. Bxf5 Rg8 21. f3
Nf6 22. Qh3 e6 23. Be5 exf5 0-1

[Event "Open Portugal 2019"]
[Site "Lisboa POR"]
[Date "2019.02.09"]
[Round "9.119"]
[White "Costa, Fábio"]
[Black "Funk, Matthias"]
[Result "0-1"]
[WhiteElo "1279"]
[BlackElo "1492"]
[WhiteFideId "1961063"]
[BlackFideId "1901990"]
[WhiteCountry "POR"]
[BlackCountry "POR"]
[PlyCount "118"]
[EventDate "2019.02.02"]

1. d4 e6 2. Bf4 Nf6 3. e3 Bb4+ 4. c3 Be7 5. Nd2 b6 6. Ngf3 Bb7 7. Bd3 h6 8. Qc2
d6 9. h3 g5 10. Bh2 Nbd7 11. e4 Nf8 12. O-O Qc8 13. e5 Nh5 14. exd6 cxd6 15. Be4
f5 16. Bxb7 Qxb7 17. Nc4 O-O-O 18. Qe2 Ng7 19. a4 h5 20. a5 b5 21. a6 Qd5 22.
Ne3 Qc6 23. d5 Qd7 24. dxe6 Nfxe6 25. Nd4 Nxd4 26. cxd4 Rhe8 27. Qf3 Kb8 28. Nd5
f4 29. Qb3 Ne6 30. Nxe7 Rxe7 31. Qd5 Rc8 32. Rfc1 Rc7 33. Rxc7 Qxc7 34. Qxb5+
Qb6 35. Qxb6+ axb6 36. g3 Nxd4 37. gxf4 Nf3+ 38. Kg2 Nxh2 39. fxg5 Rg7 40. Kxh2
Rxg5 41. Rg1 Rb5 42. Rg6 Kc7 43. Rg7+ Kc6 44. a7 Ra5 45. Kg3 b5 46. f4 Ra1 47.
Kf3 d5 48. f5 Kd6 49. f6 Ke6 50. f7 Ke7 51. a8=Q Rxa8 52. Rg8 Rf8 53. Rxf8 Kxf8
54. Ke3 Kxf7 55. Kd3 Ke6 56. Kd4 Kd6 57. h4 b4 58. b3 Ke6 59. Kd3 Kf5 0-1

[Event "Open Portugal 2019"]
[Site "Lisboa POR"]
[Date "2019.02.09"]
[Round "9.120"]
[White "Dong, Fábio"]
[Black "Maissa, Susana"]
[Result "1-0"]
[WhiteElo "1491"]
[BlackElo "1293"]
[WhiteFideId "1958020"]
[BlackFideId "1954202"]
[WhiteCountry "POR"]
[BlackCountry "POR"]
[PlyCount "99"]
[EventDate "2019.02.02"]

1. d4 Nf6 2. Bf4 b6 3. Nf3 Bb7 4. e3 e6 5. h3 Be7 6. Be2 O-O 7. O-O d5 8. Nbd2
Nbd7 9. c3 c5 10. Qc2 Rc8 11. Rac1 cxd4 12. exd4 a6 13. Qb3 b5 14. a4 Bc6 15.
axb5 axb5 16. Bxb5 Nb6 17. Bxc6 Rxc6 18. Ne5 Rc8 19. Ra1 Nh5 20. Bh2 Bd6 21.
Nef3 Bxh2+ 22. Kxh2 Qc7+ 23. Kg1 Rb8 24. Qc2 h6 25. Rfc1 Nf4 26. Re1 Ra8 27. Nb3
Na4 28. Ra3 Nxc3 29. Rxa8 Nce2+ 30. Rxe2 Nxe2+ 31. Qxe2 Rxa8 32. Ne5 Qb6 33. Nc5
Qa5 34. Qf3 Qc7 35. g4 Qe7 36. Qc3 Qg5 37. Qc2 Ra1+ 38. Kg2 Rc1 39. Qb3 Rc4 40.
Qb8+ Kh7 41. Nxc4 dxc4 42. Qe5 Qd2 43. Qe4+ g6 44. Qf3 Kg7 45. Qc3 Qe2 46. d5+
Kg8 47. d6 f5 48. d7 fxg4 49. d8=Q+ Kf7 50. Qcf6# 1-0

[Event "Open Portugal 2019"]
[Site "Lisboa POR"]
[Date "2019.02.09"]
[Round "9.121"]
[White "Bártolo, Diogo"]
[Black "Palhas, Miguel Brando"]
[Result "0-1"]
[WhiteElo "1226"]
[BlackElo "1416"]
[WhiteFideId "1946757"]
[BlackFideId "1961349"]
[WhiteCountry "POR"]
[BlackCountry "POR"]
[PlyCount "70"]
[EventDate "2019.02.02"]

1. e4 e5 2. Nf3 Nc6 3. Bc4 Bc5 4. Nc3 Nf6 5. d3 h6 6. a3 a5 7. Be3 Bxe3 8. fxe3
O-O 9. d4 d6 10. h3 exd4 11. exd4 Re8 12. Qd3 d5 13. Bxd5 Nxd5 14. Nxd5 Qxd5 15.
O-O-O Qxe4 16. Qc4 Be6 17. Qf1 Rad8 18. Qf2 Qf4+ 19. Kb1 Bd5 20. Rd3 Be4 21. Rd2
Bxf3 22. gxf3 Re3 23. Rd3 Rxd3 24. cxd3 Qxd4 25. Qxd4 Rxd4 26. Rd1 Ne5 27. Kc2
Nxf3 28. Rf1 Ne5 29. Rf5 f6 30. h4 Rxh4 31. Kc3 c5 32. b4 axb4+ 33. Kb3 bxa3 34.
Kxa3 Nxd3 35. Rd5 Rd4 0-1

[Event "Open Portugal 2019"]
[Site "Lisboa POR"]
[Date "2019.02.09"]
[Round "9.122"]
[White "Gama, João Tiago"]
[Black "Martinho, Alberto"]
[Result "0-1"]
[WhiteElo "1273"]
[BlackElo "1237"]
[WhiteFideId "1961160"]
[BlackFideId "1948784"]
[WhiteCountry "POR"]
[BlackCountry "POR"]
[PlyCount "34"]
[EventDate "2019.02.02"]

1. e4 e5 2. Nf3 Nc6 3. d4 exd4 4. Nxd4 d5 5. exd5 Qxd5 6. Bb5 Qxg2 7. Qf3 Qxf3
8. Nxf3 Bd7 9. Bf4 Rc8 10. Ne5 Nxe5 11. Bxe5 Bxb5 12. Nc3 Bc6 13. Rg1 Ne7 14.
O-O-O Ng6 15. Rge1 Ne7 16. Ne2 Bf3 17. Rd2 f6 0-1

[Event "Open Portugal 2019"]
[Site "Lisboa POR"]
[Date "2019.02.09"]
[Round "9.123"]
[White "Martins, Domingos"]
[Black "Anfinsen, Marius"]
[Result "1-0"]
[WhiteElo "1360"]
[BlackElo "1113"]
[WhiteFideId "1947389"]
[BlackFideId "1546414"]
[WhiteCountry "POR"]
[BlackCountry "NOR"]
[PlyCount "33"]
[EventDate "2019.02.02"]

1. d4 Nf6 2. Bf4 e6 3. e3 c5 4. Nd2 b6 5. Ngf3 Bb7 6. Nc4 d6 7. h4 Be7 8. Bd3
O-O 9. Qe2 b5 10. Ncd2 c4 11. Bxh7+ Nxh7 12. O-O-O Bxf3 13. Nxf3 g5 14. hxg5
Bxg5 15. Nxg5 Nxg5 16. Qh5 f6 17. Qg6# 1-0